<?xml version="1.0" encoding="UTF-8"?>
<record
    xmlns:xsi="http://www.w3.org/2001/XMLSchema-instance"
    xsi:schemaLocation="http://www.loc.gov/MARC21/slim http://www.loc.gov/standards/marcxml/schema/MARC21slim.xsd"
    xmlns="http://www.loc.gov/MARC21/slim">

  <leader>01251cam a22002651  4500</leader>
  <controlfield tag="001">gs 28000288 </controlfield>
  <controlfield tag="003">DLC</controlfield>
  <controlfield tag="005">20260227111332.0</controlfield>
  <controlfield tag="008">780303s1927    xx            000 0 eng c</controlfield>
  <datafield tag="010" ind1=" " ind2=" ">
    <subfield code="a">gs 28000288 </subfield>
  </datafield>
  <datafield tag="035" ind1=" " ind2=" ">
    <subfield code="a">(OCoLC)3687410</subfield>
  </datafield>
  <datafield tag="040" ind1=" " ind2=" ">
    <subfield code="a">Library, U.S. Geological Survey</subfield>
    <subfield code="c">OT</subfield>
    <subfield code="d">TxU</subfield>
    <subfield code="d">DLC</subfield>
  </datafield>
  <datafield tag="042" ind1=" " ind2=" ">
    <subfield code="a">premarc</subfield>
  </datafield>
  <datafield tag="050" ind1="0" ind2="0">
    <subfield code="a">QE105</subfield>
    <subfield code="b">.A16</subfield>
  </datafield>
  <datafield tag="100" ind1="1" ind2=" ">
    <subfield code="a">Mylius, Louis Aubrey,</subfield>
    <subfield code="d">1890-</subfield>
  </datafield>
  <datafield tag="245" ind1="1" ind2="0">
    <subfield code="a">Oil and gas development and possibilities in east-central Illinois.</subfield>
    <subfield code="b">(Clark, Coles, Douglas, Edgar and parts of adjoining counties)</subfield>
    <subfield code="c">By L. A. Mylius. Printed by authority of the state of Illinois.</subfield>
  </datafield>
  <datafield tag="260" ind1=" " ind2=" ">
    <subfield code="a">Urbana, Ill.</subfield>
    <subfield code="a">[Springfield,</subfield>
    <subfield code="b">Jeffersons printing &amp; stationery co.]</subfield>
    <subfield code="c">1927.</subfield>
  </datafield>
  <datafield tag="300" ind1=" " ind2=" ">
    <subfield code="a">205 p. incl. illus., tables, diagrs.</subfield>
    <subfield code="b">XXXI fold. pl. (incl. maps, plans, diagrs., pl., XXI-XXXI in separate portfolio) fold. tables.</subfield>
    <subfield code="c">26 cm.</subfield>
  </datafield>
  <datafield tag="490" ind1="1" ind2=" ">
    <subfield code="a">Illinois. State geological survey. Bulletin</subfield>
    <subfield code="v">no. 54</subfield>
  </datafield>
  <datafield tag="500" ind1=" " ind2=" ">
    <subfield code="a">At head of title: State of Illinois. Department of registration and education. Division of the state geological survey.</subfield>
  </datafield>
  <datafield tag="504" ind1=" " ind2=" ">
    <subfield code="a">Bibliographical footnotes.</subfield>
  </datafield>
  <datafield tag="650" ind1=" " ind2="0">
    <subfield code="a">Petroleum</subfield>
    <subfield code="z">Illinois.</subfield>
  </datafield>
  <datafield tag="650" ind1=" " ind2="0">
    <subfield code="a">Natural gas</subfield>
    <subfield code="z">Illinois.</subfield>
  </datafield>
  <datafield tag="830" ind1=" " ind2="0">
    <subfield code="a">Bulletin (Illinois State Geological Survey) ;</subfield>
    <subfield code="v">no. 54.</subfield>
  </datafield>
  <datafield tag="999" ind1=" " ind2=" ">
    <subfield code="c">26657</subfield>
    <subfield code="d">26657</subfield>
  </datafield>
</record>
